00670cam a2200181 a 4500008004100000020001500041035001200056050002500068100002800093245012200121260004000243300002100283440003100304500002100335504003100356600002900387651007200416021216s2002 mx 000 0 spa u a9706840516 aa406248 4aF1386 .57 bG37 20021 aGarcía Rubio, Fabiola13aLa entrada de las tropas estadunidenses a la ciudad de México :bla mirada de Carl Nebel /cFabiola García Rubio. aMéxico :bInstituto Mora, c2002. a132 p. ;c23 cm. 0aHistoria social y cultural aIncluye índice aBibliografía: p. 115-12414aNebel, Carl, d1805-1855 4aMéxico (Ciudad) xHistoria yInvasión norteamericana, 1846-1848